[Event "XXXVII Olimpiadi femminile"]
[Site "Torino ITA"]
[Date "2006.05.25"]
[Round "5.2"]
[White "Thorsteinsdottir, Gudlaug"]
[Black "Coimbra, Margarida"]
[Result "1/2-1/2"]
[WhiteElo "2138"]
[BlackElo "2070"]
[Annotator "POR-ISL"]
[PlyCount "77"]
[EventDate "2006.05.21"]

1. e4 e5 2. Nf3 Nc6 3. Bb5 a6 4. Bxc6 dxc6 5. O-O Qd6 6. Na3 b5 7. c3 c5 8. Nc2
Bb7 9. d4 cxd4 10. cxd4 exd4 11. Ncxd4 c5 12. Nf5 Qxd1 13. Rxd1 g6 14. Nd6+
Bxd6 15. Rxd6 Rd8 16. Bf4 Rxd6 17. Bxd6 Nf6 18. e5 Ne4 19. Rd1 Nxd6 20. Rxd6
Ke7 21. Ng5 h6 22. Nxf7 Kxf7 23. Rd7+ Ke6 24. Rxb7 Kxe5 25. Kf1 Rd8 26. Ke2 Rd6
27. Ke3 g5 28. f3 c4 29. g3 Rc6 30. Re7+ Kf6 31. Rh7 Ke5 32. Re7+ Kf6 33. Rh7
Ke5 34. Kd2 Rd6+ 35. Kc2 Rf6 36. Kd2 Rd6+ 37. Kc2 Rf6 38. Kd2 Rd6+ 39. Ke3
1/2-1/2

[Event "XXXVII Olimpiadi femminile"]
[Site "Torino ITA"]
[Date "2006.05.25"]
[Round "5.3"]
[White "Pintor, Ariana"]
[Black "Gretarsdottir, Lilja"]
[Result "1-0"]
[WhiteElo "2064"]
[BlackElo "2013"]
[Annotator "POR-ISL"]
[PlyCount "99"]
[EventDate "2006.05.21"]

1. e4 c5 2. d3 Nc6 3. g3 g6 4. Bg2 Bg7 5. f4 d6 6. c3 e6 7. Nf3 Nge7 8. O-O O-O
9. Be3 Rb8 10. Nbd2 b5 11. a3 a5 12. Qe2 Qb6 13. Nh4 f5 14. exf5 exf5 15. Rac1
b4 16. axb4 axb4 17. Nc4 Qd8 18. Rfe1 bxc3 19. bxc3 d5 20. Ne5 Qd6 21. Bf2 d4
22. Qa2+ Be6 23. Qe2 Bd5 24. Nhf3 dxc3 25. Rxc3 Bxf3 26. Bxf3 Nd4 27. Qa2+ Kh8
28. Bg2 Bxe5 29. Rxe5 Rfc8 30. Rc1 Rc7 31. Rce1 Kg7 32. h3 Nec6 33. Rd5 Qf8 34.
Qc4 Re7 35. Rxe7+ Qxe7 36. Qxc5 Rb1+ 37. Kh2 Qxc5 38. Rxc5 Rb2 39. Kg1 Rb1+ 40.
Bf1 Nf3+ 41. Kg2 Nd2 42. Be2 Nd8 43. Rc7+ Kh6 44. g4 fxg4 45. hxg4 g5 46. f5
Nb3 47. Rd7 Nc6 48. Rd6+ Kg7 49. Rxc6 Rb2 50. Kf3 1-0

[Event "XXXVII Olimpiadi femminile"]
[Site "Torino ITA"]
[Date "2006.05.25"]
[Round "5.1"]
[White "Shabanaj, Eglantina"]
[Black "Titova-Boric, Elena"]
[Result "1-0"]
[WhiteElo "2140"]
[BlackElo "2284"]
[Annotator "ALB-BIH"]
[PlyCount "59"]
[EventDate "2006.05.21"]

1. d4 f5 2. c4 Nf6 3. Nc3 g6 4. g3 Bg7 5. Bg2 O-O 6. Nf3 d6 7. O-O Qe8 8. Re1
Nh5 9. e4 f4 10. e5 fxg3 11. hxg3 Qf7 12. exd6 exd6 13. Be3 c6 14. Qb3 Kh8 15.
Ne4 Qc7 16. c5 d5 17. Nd6 Nd7 18. Bg5 Ndf6 19. Ne5 Rb8 20. Qd3 b6 21. b4 bxc5
22. bxc5 Rb2 23. Re2 Rxe2 24. Qxe2 Nd7 25. Nef7+ Kg8 26. Qe6 Ndf6 27. Nh6+ Kh8
28. Ndf7+ Rxf7 29. Qxf7 Bd7 30. Qg8+ 1-0

[Event "XXXVII Olimpiadi femminile"]
[Site "Torino ITA"]
[Date "2006.05.25"]
[Round "5.2"]
[White "Dengler, Dijana"]
[Black "Pasku, Roela"]
[Result "1-0"]
[WhiteElo "2144"]
[BlackElo "1892"]
[Annotator "ALB-BIH"]
[PlyCount "85"]
[EventDate "2006.05.21"]

1. d4 Nf6 2. Nf3 g6 3. c4 Bg7 4. Nc3 O-O 5. Bg5 h6 6. Bh4 d6 7. e3 Nbd7 8. Be2
e5 9. Qc2 c6 10. O-O Qc7 11. Rfd1 Kh7 12. Rac1 Ng8 13. dxe5 dxe5 14. Bg3 f5 15.
h4 f4 16. exf4 exf4 17. Bh2 Ne5 18. Nxe5 Qxe5 19. h5 Bf5 20. hxg6+ Kh8 21. Bd3
Qe6 22. Bxf5 Rxf5 23. Ne2 f3 24. Nd4 Qxg6 25. Nxf3 Qg4 26. Rd3 Raf8 27. Qb3 h5
28. c5 Nh6 29. Bd6 R8f7 30. Rc4 Qg6 31. Nh4 Qe6 32. Re3 Qd7 33. Nxf5 Nxf5 34.
Rh3 h4 35. Rf4 b6 36. Rhxh4+ Kg8 37. Rhg4 Kh7 38. Rg5 Nxd6 39. Rh4+ Kg8 40.
cxd6 Qxd6 41. Rf5 Bf6 42. Rhf4 Kg7 43. Qg3+ 1-0

[Event "XXXVII Olimpiadi femminile"]
[Site "Torino ITA"]
[Date "2006.05.25"]
[Round "5.3"]
[White "Gjergji, Rozana"]
[Black "Dedijer, Mira"]
[Result "0-1"]
[WhiteElo "1986"]
[BlackElo "1987"]
[Annotator "ALB-BIH"]
[PlyCount "44"]
[EventDate "2006.05.21"]

1. e4 e6 2. d4 d5 3. Nc3 Nf6 4. e5 Nfd7 5. f4 c5 6. Nf3 Nc6 7. Be3 cxd4 8. Nxd4
a6 9. a3 Be7 10. Qg4 O-O 11. Nxe6 fxe6 12. Qxe6+ Kh8 13. Qxd5 Nc5 14. O-O-O Be6
15. Qf3 Qa5 16. Nd5 Nxe5 17. Qh5 Rf5 18. Qe2 Bxd5 19. Rxd5 Nb3+ 20. cxb3 Qxd5
21. fxe5 Rc8+ 22. Kb1 Qe4+ 0-1

[Event "XXXVII Olimpiadi femminile"]
[Site "Torino ITA"]
[Date "2006.05.25"]
[Round "5.3"]
[White "Smith, Hazel"]
[Black "Hagesaether, Torill"]
[Result "1-0"]
[WhiteElo "2035"]
[BlackElo "2007"]
[Annotator "CAN-NOR"]
[PlyCount "71"]
[EventDate "2006.05.21"]

1. e4 e5 2. Nf3 Nc6 3. d4 exd4 4. Nxd4 Bc5 5. Be3 Qf6 6. c3 Nge7 7. Bc4 Ne5 8.
Be2 Qg6 9. O-O d6 10. f3 O-O 11. Kh1 Bb6 12. a4 N5c6 13. Bc4 Kh8 14. b4 f5 15.
Nd2 fxe4 16. fxe4 Bg4 17. Be2 Bxe2 18. Qxe2 Rae8 19. a5 Bxd4 20. cxd4 Nxb4 21.
Rab1 Rxf1+ 22. Qxf1 Nc2 23. Bg1 Nc6 24. Rxb7 N2xd4 25. Rxc7 Qf6 26. Qc4 Qd8 27.
Qf7 Rg8 28. Bxd4 Nxd4 29. Rxa7 Nc6 30. Ra6 Qg5 31. Qd5 Qg4 32. Nf3 Nb4 33. Ng5
Rc8 34. Nf7+ Kg8 35. Nh6+ Kh8 36. Qg8+ 1-0

[Event "XXXVII Olimpiadi femminile"]
[Site "Torino ITA"]
[Date "2006.05.25"]
[Round "5.1"]
[White "Bakalarz, Grazyna"]
[Black "Nuritdinova, Elena"]
[Result "1-0"]
[WhiteElo "2068"]
[BlackElo "2087"]
[Annotator "LUX-TJK"]
[PlyCount "139"]
[EventDate "2006.05.21"]

1. d4 Nf6 2. Nf3 g6 3. Bf4 Bg7 4. e3 O-O 5. h3 d6 6. c4 c5 7. Nc3 Qa5 8. Nd2
cxd4 9. Nb3 Qb6 10. exd4 Bf5 11. Be2 a6 12. O-O Nc6 13. Be3 Qc7 14. Rc1 Rac8
15. Nd5 Qd8 16. Nxf6+ Bxf6 17. Bh6 Bg7 18. Bxg7 Kxg7 19. d5 Nb8 20. Qd4+ Kg8
21. Rfd1 a5 22. Qa7 b6 23. Nd4 Bd7 24. Rc3 Ba4 25. Rdc1 Nd7 26. Nb5 Nc5 27. b4
Bxb5 28. bxc5 Bd7 29. cxb6 Ra8 30. Qc7 Qxc7 31. bxc7 Rfc8 32. c5 Rxc7 33. c6
Bc8 34. Rb1 e6 35. Bf3 Raa7 36. Rb5 exd5 37. Rxd5 Be6 38. Rd2 Kf8 39. a3 Ke7
40. Rb2 d5 41. Rb8 Kd6 42. Rd8+ Ke5 43. Be2 a4 44. Rb8 Ra5 45. Rb5 Raa7 46. Rb4
d4 47. f4+ Kxf4 48. Rxd4+ Ke5 49. Rb4 Ra5 50. Bb5 Bd5 51. Bxa4 Ra6 52. Bb5 Rb6
53. a4 Bxc6 54. Rbc4 Kd6 55. Kf2 Kd5 56. Kg3 f5 57. Rd3+ Ke5 58. Rdc3 Kd6 59.
Rc5 h6 60. Rc2 Kd7 61. Kf4 Kd6 62. R5c3 Rc8 63. Rxc6+ Rbxc6 64. Rxc6+ Rxc6 65.
Bxc6 Kxc6 66. Ke5 Kb6 67. Kf6 Ka5 68. Kxg6 f4 69. Kxh6 Kxa4 70. Kg5 1-0

[Event "XXXVII Olimpiadi femminile"]
[Site "Torino ITA"]
[Date "2006.05.25"]
[Round "5.1"]
[White "Heinatz, Gundula"]
[Black "Basem-Hassan, Miriam"]
[Result "1-0"]
[WhiteElo "2277"]
[BlackElo "2028"]
[Annotator "SUI-PUR"]
[PlyCount "47"]
[EventDate "2006.05.21"]

1. Nf3 d6 2. d4 Nf6 3. c4 g6 4. Nc3 Bg7 5. e4 O-O 6. Be2 a5 7. O-O Nbd7 8. Qc2
e5 9. dxe5 dxe5 10. Rd1 c6 11. Nxe5 Qc7 12. Nd3 b5 13. Bf4 Qb7 14. cxb5 cxb5
15. e5 Nh5 16. Bf3 Qb8 17. Bxh5 gxh5 18. e6 Ne5 19. e7 Re8 20. Nxe5 Bb7 21. Qf5
Qa7 22. Qxf7+ Kh8 23. Qe6 Qc5 24. Nf7+ 1-0

[Event "XXXVII Olimpiadi femminile"]
[Site "Torino ITA"]
[Date "2006.05.25"]
[Round "5.2"]
[White "Giulian, Rosemary A."]
[Black "Delai, Paula Fernanda"]
[Result "1/2-1/2"]
[WhiteElo "2050"]
[BlackElo "2042"]
[Annotator "BRA-SCO"]
[PlyCount "60"]
[EventDate "2006.05.21"]

1. e4 d5 2. exd5 Qxd5 3. Nc3 Qa5 4. d4 Nf6 5. Nf3 Bf5 6. Bd3 Bxd3 7. Qxd3 e6 8.
O-O c6 9. Bd2 Qc7 10. a4 Bd6 11. Ne4 Nbd7 12. Nxd6+ Qxd6 13. Qb3 Qc7 14. Rfe1
O-O 15. Bg5 c5 16. c3 c4 17. Qc2 Nd5 18. Bh4 a6 19. a5 Rac8 20. Ng5 N7f6 21.
Ne4 Nxe4 22. Qxe4 Qf4 23. Bg3 Qxe4 24. Rxe4 Rfe8 25. Bd6 Rc6 26. Bc5 Nf6 27.
Re2 Nd7 28. Bb4 Nf6 29. Bc5 Nd7 30. Bb4 Nf6 1/2-1/2

[Event "XXXVII Olimpiadi femminile"]
[Site "Torino ITA"]
[Date "2006.05.25"]
[Round "5.2"]
[White "Mudongo, Boikhutso"]
[Black "Wilson, Julie"]
[Result "1-0"]
[WhiteElo "1951"]
[BlackElo "1945"]
[Annotator "WLS-BOT"]
[PlyCount "55"]
[EventDate "2006.05.21"]

1. e4 e6 2. d4 d5 3. Nc3 Nf6 4. e5 Nfd7 5. Nf3 c5 6. Be3 cxd4 7. Qxd4 Nc6 8.
Qa4 Nb6 9. Qf4 Be7 10. a3 a6 11. Bd3 Qc7 12. Qg3 g6 13. O-O Bd7 14. Rfe1 O-O-O
15. b4 f6 16. b5 Nxe5 17. Nxe5 fxe5 18. Bxb6 Qxb6 19. bxa6 bxa6 20. Qxe5 Bd6
21. Qe2 a5 22. Rab1 Qc5 23. Ba6+ Kc7 24. Rb7+ Kc6 25. Na4 Bxh2+ 26. Kxh2 Qxa3
27. Rb6+ Kc7 28. Qe5+ 1-0

[Event "XXXVII Olimpiadi femminile"]
[Site "Torino ITA"]
[Date "2006.05.25"]
[Round "5.1"]
[White "Ryvova, Anna"]
[Black "Methmali, Uluwitike Gamage Yashod"]
[Result "1-0"]
[WhiteElo "2057"]
[BlackElo "1872"]
[Annotator "ICSC-SRI"]
[PlyCount "117"]
[EventDate "2006.05.21"]

1. e4 c5 2. Nc3 Nc6 3. g3 g6 4. Bg2 Bg7 5. d3 d6 6. Be3 Rb8 7. f4 e6 8. Nf3 b5
9. Rb1 Nge7 10. O-O O-O 11. Ne2 f5 12. e5 Nd5 13. Bf2 Qc7 14. exd6 Qxd6 15. d4
c4 16. c3 Nf6 17. Ne5 Bb7 18. Qc2 Ne7 19. b3 Bxg2 20. Kxg2 Qd5+ 21. Kg1 Ng4 22.
Rb2 Bxe5 23. dxe5 Qa8 24. h3 Nxf2 25. Kxf2 a6 26. Nd4 Kf7 27. Qe2 Rbc8 28. b4
Nd5 29. Qf3 Qa7 30. a3 Rfd8 31. Rd2 Qb6 32. Rfd1 Ra8 33. Kg2 Ne7 34. Nxe6 Rxd2+
35. Rxd2 Rc8 36. Rd6 Qa7 37. Nc5 Qa8 38. Qxa8 Rxa8 39. Rd7 Ke8 40. Rd6 a5 41.
Nb7 axb4 42. axb4 Rb8 43. Na5 Rd8 44. Rxd8+ Kxd8 45. Nb7+ Kc7 46. Nd6 Kc6 47.
g4 Nd5 48. gxf5 gxf5 49. Nxf5 Nxf4+ 50. Kf3 Nd5 51. Nd4+ Kb6 52. Ne2 Kc6 53.
Ke4 Ne7 54. Nd4+ Kb6 55. e6 Ka6 56. Ke5 Kb6 57. Kd6 Ng6 58. e7 Nxe7 59. Kxe7
1-0

[Event "XXXVII Olimpiadi femminile"]
[Site "Torino ITA"]
[Date "2006.05.25"]
[Round "5.2"]
[White "Wijayawardena, Dangampolage M.C."]
[Black "Nazarova, Olga"]
[Result "1-0"]
[WhiteElo "1872"]
[BlackElo "2037"]
[Annotator "ICSC-SRI"]
[PlyCount "73"]
[EventDate "2006.05.21"]

1. d4 d5 2. c4 c6 3. Nc3 Nf6 4. Nf3 g6 5. Bg5 Bg7 6. e3 Qa5 7. Qb3 Be6 8. c5
Qc7 9. Bf4 Qc8 10. Bd3 Nbd7 11. Ng5 O-O 12. h3 Nh5 13. Bh2 b6 14. cxb6 axb6 15.
O-O Bh6 16. Nxe6 fxe6 17. Qc2 Kg7 18. Ne2 c5 19. b3 Qe8 20. Bb5 Ra5 21. a4 Qc8
22. Rac1 Nhf6 23. b4 Ra8 24. dxc5 bxc5 25. bxc5 Nxc5 26. Qxc5 Qxc5 27. Rxc5 Ne4
28. Rc7 Kf6 29. Rfc1 e5 30. R1c6+ Nd6 31. Nc3 Ke6 32. e4 d4 33. Bc4+ Kf6 34.
Nd5+ Kg5 35. Rxe7 Nxe4 36. Rxe5+ Rf5 37. Rxe4 1-0

[Event "XXXVII Olimpiadi femminile"]
[Site "Torino ITA"]
[Date "2006.05.27"]
[Round "6.2"]
[White "Madl, Ildiko"]
[Black "Kosintseva, Tatiana"]
[Result "1/2-1/2"]
[WhiteElo "2387"]
[BlackElo "2489"]
[Annotator "RUS-HUN"]
[PlyCount "126"]
[EventDate "2006.05.21"]

1. e4 e5 2. Nf3 Nc6 3. Bb5 a6 4. Ba4 Nf6 5. O-O Bc5 6. c3 b5 7. Bc2 d5 8. d4
dxe4 9. dxe5 exf3 10. Qxd8+ Nxd8 11. exf6 fxg2 12. Re1+ Kf8 13. Be4 Bb7 14.
Bxb7 Nxb7 15. Kxg2 Rg8 16. a4 b4 17. Kf3 g5 18. Nd2 Nd6 19. Nb3 Ba7 20. cxb4
Rg6 21. Nc5 Rxf6+ 22. Kg2 Rf5 23. Be3 Kg7 24. Rac1 Kg6 25. Nd7 Bxe3 26. Rxe3
Ra7 27. Ne5+ Kg7 28. Nc6 Rb7 29. b3 Rf4 30. b5 Rb6 31. bxa6 Rxa6 32. a5 Nf5 33.
Rd3 Nh4+ 34. Kf1 Nf3 35. h3 Rf6 36. b4 Rfxc6 37. Rxc6 Rxc6 38. Rxf3 Rc1+ 39.
Ke2 Rb1 40. a6 Rb2+ 41. Kd1 Rxb4 42. Ra3 Rb8 43. Kc2 Kg6 44. Kc3 f5 45. Kc4 g4
46. Kc5 Kg5 47. Kc6 gxh3 48. Kxc7 Ra8 49. Kb7 Rxa6 50. Kxa6 Kg4 51. Rg3+ Kh4
52. Rg1 h2 53. Rb1 Kh3 54. f4 Kg2 55. Rb2+ Kg3 56. Rb1 Kxf4 57. Kb5 Kg3 58. Kc4
f4 59. Kd3 Kg2 60. Rb2+ Kg3 61. Rb1 Kg2 62. Rb2+ Kg3 63. Rb1 Kg2 1/2-1/2

[Event "XXXVII Olimpiadi femminile"]
[Site "Torino ITA"]
[Date "2006.05.27"]
[Round "6.3"]
[White "Kovalevskaya, Ekaterina"]
[Black "Vajda, Szidonia"]
[Result "1-0"]
[WhiteElo "2460"]
[BlackElo "2403"]
[Annotator "RUS-HUN"]
[PlyCount "93"]
[EventDate "2006.05.21"]

1. c4 Nf6 2. Nf3 c5 3. g3 b6 4. Bg2 Bb7 5. O-O e6 6. Nc3 Be7 7. d4 cxd4 8. Qxd4
O-O 9. Rd1 Nc6 10. Qf4 Qb8 11. Qxb8 Raxb8 12. Bf4 Rbc8 13. Ne5 d6 14. Nxc6 Bxc6
15. Bxd6 Bxd6 16. Rxd6 Bxg2 17. Kxg2 Rxc4 18. Rad1 g6 19. Kf3 Kg7 20. h3 Rfc8
21. R1d4 Rxd4 22. Rxd4 Rc5 23. Ke3 Rh5 24. h4 Rc5 25. Kd3 h5 26. f3 Rc7 27. b4
Rd7 28. e4 Rxd4+ 29. Kxd4 Nd7 30. e5 Nb8 31. b5 a5 32. Na4 Nd7 33. Nxb6 Nxb6
34. Kc5 Nd7+ 35. Kd6 Nb6 36. Kc6 Nc4 37. f4 a4 38. b6 g5 39. hxg5 Kg6 40. Kb5
Nxb6 41. Kxb6 Kf5 42. Kc5 Kg4 43. Kd6 Kxg3 44. f5 h4 45. g6 fxg6 46. fxg6 h3
47. g7 1-0

[Event "XXXVII Olimpiadi femminile"]
[Site "Torino ITA"]
[Date "2006.05.27"]
[Round "6.3"]
[White "Hernandez Estevez, Yudania"]
[Black "Gaponenko, Inna"]
[Result "1-0"]
[WhiteElo "2262"]
[BlackElo "2430"]
[Annotator "ESP-UKR"]
[PlyCount "85"]
[EventDate "2006.05.21"]

1. e4 c5 2. Nf3 g6 3. d4 cxd4 4. Nxd4 Bg7 5. Nc3 Nc6 6. Nb3 Nf6 7. Bc4 O-O 8.
O-O a6 9. Re1 d6 10. Bf1 b5 11. Nd5 Nd7 12. c3 e6 13. Nb4 Qc7 14. Nxc6 Qxc6 15.
a4 bxa4 16. Na5 Qc7 17. Rxa4 Nc5 18. Ra3 Rd8 19. Bg5 Rd7 20. b4 Nb7 21. Nc4 Nd8
22. Bf4 e5 23. Be3 Rb8 24. Qd2 Ne6 25. f3 Kh8 26. Rd1 f5 27. Qd5 f4 28. Bf2 Rb5
29. Qxe6 Rd8 30. Qd5 Rxd5 31. Rxd5 Be6 32. Bb6 Qb8 33. Bxd8 Bxd5 34. exd5 Qxd8
35. Rxa6 e4 36. Nxd6 Kg8 37. Rc6 Bxc3 38. Rc8 Qxc8 39. Nxc8 exf3 40. b5 fxg2
41. Kxg2 Kf8 42. b6 Ba5 43. d6 1-0

[Event "XXXVII Olimpiadi femminile"]
[Site "Torino ITA"]
[Date "2006.05.27"]
[Round "6.2"]
[White "Goletiani, Rusudan"]
[Black "Yanjindulam, Dulamsuren"]
[Result "1-0"]
[WhiteElo "2371"]
[BlackElo "2162"]
[Annotator "MGL-USA"]
[PlyCount "59"]
[EventDate "2006.05.21"]

1. Nf3 Nf6 2. c4 d6 3. d4 e6 4. Nc3 d5 5. cxd5 exd5 6. Bg5 Be7 7. Qc2 c6 8. e3
O-O 9. Bd3 Nbd7 10. O-O Re8 11. a3 Nf8 12. b4 a6 13. Na4 h6 14. Bxf6 Bxf6 15.
Nc5 Ne6 16. a4 Qe7 17. Rfc1 Ng5 18. Nxg5 Bxg5 19. b5 axb5 20. axb5 Rxa1 21.
Rxa1 Bh4 22. Ra7 Qg5 23. Ra8 g6 24. Nxb7 Kh7 25. g3 Bxg3 26. hxg3 Qh5 27. Nd6
Bh3 28. Rxe8 Bg4 29. Re7 Bf3 30. Rxf7+ 1-0

[Event "XXXVII Olimpiadi femminile"]
[Site "Torino ITA"]
[Date "2006.05.27"]
[Round "6.3"]
[White "Bayaraa, Zorigt"]
[Black "Baginskaite, Camilla"]
[Result "1/2-1/2"]
[WhiteElo "2102"]
[BlackElo "2299"]
[Annotator "MGL-USA"]
[PlyCount "129"]
[EventDate "2006.05.21"]

1. e4 c5 2. Nf3 d6 3. d4 cxd4 4. Nxd4 Nf6 5. Nc3 a6 6. Bg5 e6 7. f3 Be7 8. Qd2
b5 9. O-O-O Bb7 10. g4 Nbd7 11. h4 Rc8 12. Bd3 O-O 13. Kb1 Ne5 14. Nce2 d5 15.
exd5 Bxd5 16. Qe3 Nxd3 17. Rxd3 Qa5 18. Nb3 Qc7 19. Rc1 a5 20. Nf4 Bc4 21. Rdd1
b4 22. Nd2 Bd5 23. Nh5 Nxh5 24. Bxe7 Qxe7 25. gxh5 Qxh4 26. Rh1 Qf6 27. Rcg1 a4
28. Ne4 Bxe4 29. fxe4 a3 30. e5 Qf5 31. Rg2 Rfd8 32. Rhg1 Kh8 33. h6 gxh6 34.
Rh1 Rg8 35. Rgh2 Rg5 36. Qb3 Qxe5 37. Rxh6 Rg7 38. Qxb4 axb2 39. Qb7 Rcg8 40.
Qb6 Rb8 41. Qa7 Qf4 42. R6h4 Qe5 43. Rh5 Qd6 44. Rh6 Rc8 45. Qf2 Qe5 46. R6h5
Qe4 47. R5h4 Qe5 48. Rh5 f5 49. Qh4 Qc7 50. Qa4 f4 51. Qb3 f3 52. R5h2 e5 53.
Qxf3 Qc5 54. Qf6 Kg8 55. Qe6+ Kh8 56. Qf6 Kg8 57. Qe6+ Kh8 58. Qf6 Kg8 59. Rd1
Rg1 60. Qe6+ Kh8 61. Qf6+ Kg8 62. Qe6+ Kh8 63. Qf6+ Kg8 64. Qe6+ Kh8 65. Qf6+
1/2-1/2

[Event "XXXVII Olimpiadi femminile"]
[Site "Torino ITA"]
[Date "2006.05.27"]
[Round "6.1"]
[White "Peptan, Corina-Isabela"]
[Black "Mkrtchian, Lilit"]
[Result "1/2-1/2"]
[WhiteElo "2408"]
[BlackElo "2453"]
[Annotator "ROU-ARM"]
[PlyCount "70"]
[EventDate "2006.05.21"]

1. e4 e5 2. Nf3 Nc6 3. Bb5 a6 4. Ba4 Nf6 5. O-O b5 6. Bb3 Bc5 7. d3 d6 8. h3
Na5 9. Nc3 h6 10. Bd2 Nxb3 11. axb3 Bb7 12. Ne2 Nh5 13. c4 O-O 14. b4 Bb6 15.
b3 f5 16. Qc2 fxe4 17. dxe4 Rxf3 18. gxf3 Qh4 19. Kg2 Bc8 20. Ng1 Bd4 21. cxb5
Bd7 22. Qc4+ Kh7 23. bxa6 Ba7 24. Qf7 Nf6 25. Rac1 Bb6 26. Qc4 Rf8 27. a7 Bxa7
28. Qxc7 Bb8 29. Qb7 d5 30. Rfe1 Qh5 31. Rc3 Qf7 32. Kh1 Qh5 33. Kg2 Qf7 34.
Kh1 Qh5 35. Kg2 Qf7 1/2-1/2

[Event "XXXVII Olimpiadi femminile"]
[Site "Torino ITA"]
[Date "2006.05.27"]
[Round "6.2"]
[White "Danielian, Elina"]
[Black "Foisor, Cristina-Adela"]
[Result "1/2-1/2"]
[WhiteElo "2422"]
[BlackElo "2392"]
[Annotator "ROU-ARM"]
[PlyCount "104"]
[EventDate "2006.05.21"]

1. d4 Nf6 2. Nf3 g6 3. c4 Bg7 4. g3 c6 5. Bg2 d5 6. Qb3 Qb6 7. Nc3 O-O 8. O-O
dxc4 9. Qxc4 Be6 10. Qa4 Rd8 11. Rd1 Bd5 12. Qc2 Bxf3 13. Bxf3 Na6 14. Na4 Qa5
15. Bd2 Qf5 16. Qxf5 gxf5 17. e3 Ne4 18. Be1 e6 19. Rac1 Rac8 20. Kg2 Nd6 21.
Ba5 Re8 22. Nc5 Nb8 23. Bb4 Bf8 24. g4 Rc7 25. gxf5 Nxf5 26. Kh3 Kh8 27. Bc3
Bg7 28. Rg1 Nd6 29. Nd3 Nd7 30. Ba5 Rcc8 31. Bb4 Bf8 32. Bh5 Nf6 33. Ne5 Rc7
34. Be2 Nd5 35. Ba5 Rce7 36. Rg2 Bg7 37. Rcg1 f6 38. Nd3 Ne4 39. Bh5 Rc8 40.
Re1 Bh6 41. Nb4 Rd7 42. Bd1 Ng5+ 43. Kh4 Ne7 44. Nd3 Ng6+ 45. Kg4 f5+ 46. Kh5
Nf7 47. Bb3 Re8 48. Bc3 Bg7 49. Reg1 Nd6 50. Nc5 Rde7 51. Rxg6 hxg6+ 52. Rxg6
Ne4 1/2-1/2

[Event "XXXVII Olimpiadi femminile"]
[Site "Torino ITA"]
[Date "2006.05.27"]
[Round "6.3"]
[White "Bogza, Adina-Maria"]
[Black "Andriasian, Siranush"]
[Result "1-0"]
[WhiteElo "2297"]
[BlackElo "2237"]
[Annotator "ROU-ARM"]
[PlyCount "91"]
[EventDate "2006.05.21"]

1. Nf3 Nf6 2. c4 c5 3. g3 e6 4. Bg2 d5 5. O-O Nc6 6. cxd5 exd5 7. d4 Bg4 8. Ne5
Be6 9. Nxc6 bxc6 10. dxc5 Bxc5 11. Qc2 Qb6 12. Nc3 Be7 13. Na4 Qb5 14. Be3 O-O
15. Rac1 Rfc8 16. Bc5 Bxc5 17. Nxc5 Bg4 18. e3 Nd7 19. b3 a5 20. h3 Nxc5 21.
Qxc5 Qxc5 22. Rxc5 Bd7 23. Rd1 f5 24. Rcxd5 cxd5 25. Bxd5+ Kf8 26. Bxa8 Ke7 27.
Bd5 Rc2 28. a4 f4 29. gxf4 Bxh3 30. Be4 Rb2 31. Rd5 Rxb3 32. Rxa5 Ra3 33. Ra7+
Kf6 34. Ra6+ Ke7 35. Bxh7 Ra1+ 36. Kh2 Bf1 37. Ra7+ Kf6 38. Be4 Bb5 39. a5 Ra4
40. Bd5 g5 41. Rf7+ Kg6 42. f5+ Kh6 43. Rf6+ Kh5 44. f3 g4 45. f4 Bc4 46. Bc6
1-0

[Event "XXXVII Olimpiadi femminile"]
[Site "Torino ITA"]
[Date "2006.05.27"]
[Round "6.1"]
[White "Koneru, Humpy"]
[Black "Muzychuk, Anna"]
[Result "1/2-1/2"]
[WhiteElo "2548"]
[BlackElo "2418"]
[Annotator "IND-SLO"]
[PlyCount "116"]
[EventDate "2006.05.21"]

1. d4 f5 2. c4 Nf6 3. Nc3 d6 4. Bg5 Nbd7 5. Qc2 g6 6. h4 e5 7. dxe5 dxe5 8. h5
Bg7 9. O-O-O c6 10. hxg6 hxg6 11. Rxh8+ Bxh8 12. g4 e4 13. gxf5 gxf5 14. f3 Qb6
15. Nh3 Ne5 16. fxe4 f4 17. Nxf4 Nxc4 18. Na4 Qe3+ 19. Kb1 Qxe4 20. Nd3 Bf5 21.
Nac5 Qd4 22. e4 Nxe4 23. Nb3 Qg7 24. Qxc4 Qxg5 25. Re1 O-O-O 26. Rxe4 Qg1 27.
Nd2 Bxe4 28. Qxe4 Bd4 29. Kc2 Qe3 30. Qg4+ Kb8 31. Nc4 Qe7 32. a4 Bg7 33. a5
Rd4 34. Qg3+ Qc7 35. Qxc7+ Kxc7 36. Nc5 Rg4 37. Ne6+ Kb8 38. Nxg7 Rxg7 39. Kc3
Kc7 40. Bd3 b6 41. axb6+ axb6 42. Be4 b5 43. Ne5 Kd6 44. Nxc6 Rc7 45. Kb4 Rxc6
46. Bxc6 Kxc6 47. Ka5 Kc5 48. b3 b4 49. Ka4 Kc6 50. Kxb4 Kb6 51. Kc4 Kc6 52. b4
Kb6 53. b5 Kb7 54. Kc5 Kc7 55. b6+ Kb7 56. Kb5 Kb8 57. Kc6 Kc8 58. Kb5 Kb7
1/2-1/2

[Event "XXXVII Olimpiadi femminile"]
[Site "Torino ITA"]
[Date "2006.05.27"]
[Round "6.2"]
[White "Srebrnic, Ana"]
[Black "Harika, Dronavalli"]
[Result "1/2-1/2"]
[WhiteElo "2302"]
[BlackElo "2358"]
[Annotator "IND-SLO"]
[PlyCount "30"]
[EventDate "2006.05.21"]

1. Nf3 c5 2. c4 g6 3. d4 cxd4 4. Nxd4 Nc6 5. e4 Nf6 6. Nc3 d6 7. Be2 Nxd4 8.
Qxd4 Bg7 9. Bg5 O-O 10. Qd2 Be6 11. O-O Qa5 12. Rac1 Rfc8 13. b3 a6 14. Rfd1 b5
15. Nd5 Qxd2 1/2-1/2

[Event "XXXVII Olimpiadi femminile"]
[Site "Torino ITA"]
[Date "2006.05.27"]
[Round "6.3"]
[White "Swathi, Ghate"]
[Black "Novak, Ksenija"]
[Result "1-0"]
[WhiteElo "2262"]
[BlackElo "2182"]
[Annotator "IND-SLO"]
[PlyCount "67"]
[EventDate "2006.05.21"]

1. e4 c5 2. Nf3 Nc6 3. Bb5 g6 4. Bxc6 dxc6 5. h3 Bg7 6. d3 e5 7. Be3 b6 8. Qd2
h6 9. a4 Ne7 10. Nc3 Qc7 11. a5 Rb8 12. O-O g5 13. Ne2 Ng6 14. Ng3 Nf4 15. axb6
axb6 16. b4 cxb4 17. Qxb4 c5 18. Qb5+ Bd7 19. Qb2 O-O 20. Rfb1 f5 21. exf5 e4
22. Qa2+ Kh7 23. dxe4 Bxa1 24. Qxa1 Rbe8 25. Bxf4 gxf4 26. Nh5 Bxf5 27. exf5
Qf7 28. g4 fxg3 29. Nxg3 Qb7 30. Qc3 b5 31. Nh2 Qc6 32. Ng4 Rf7 33. f6 c4 34.
Qd2 1-0

[Event "XXXVII Olimpiadi femminile"]
[Site "Torino ITA"]
[Date "2006.05.27"]
[Round "6.2"]
[White "Voiska, Margarita"]
[Black "Zigangirova, Sofya"]
[Result "1/2-1/2"]
[WhiteElo "2314"]
[BlackElo "2314"]
[Annotator "KAZ-BUL"]
[PlyCount "32"]
[EventDate "2006.05.21"]

1. Nf3 c5 2. c4 g6 3. d4 cxd4 4. Nxd4 Bg7 5. Nc3 Nf6 6. g3 O-O 7. Bg2 Qc7 8.
Bf4 Qxc4 9. Rc1 Qb4 10. Ndb5 Nc6 11. a3 Qa5 12. b4 Qd8 13. Bc7 Qe8 14. Bf4 Qd8
15. Bc7 Qe8 16. Bf4 Qd8 1/2-1/2

[Event "XXXVII Olimpiadi femminile"]
[Site "Torino ITA"]
[Date "2006.05.27"]
[Round "6.3"]
[White "Dauletova, Gulmira"]
[Black "Velcheva, Maria"]
[Result "0-1"]
[WhiteElo "2144"]
[BlackElo "2279"]
[Annotator "KAZ-BUL"]
[PlyCount "76"]
[EventDate "2006.05.21"]

1. e4 c5 2. Nf3 e6 3. g3 d5 4. exd5 Qxd5 5. Nc3 Qd8 6. Bg2 Nc6 7. O-O Nf6 8. d3
Be7 9. Re1 O-O 10. Qe2 Nd4 11. Nxd4 cxd4 12. Ne4 Nxe4 13. Qxe4 Bf6 14. Bf4 Qb6
15. b3 Qc5 16. Be5 Bxe5 17. Qxe5 Qxe5 18. Rxe5 Rb8 19. Rc5 Rd8 20. a4 b6 21.
Rc4 Kf8 22. Re1 Bb7 23. Re5 Bxg2 24. Kxg2 Rb7 25. a5 Ke7 26. Rb5 Rdd7 27. Kf3
Rd6 28. Ke4 Rbd7 29. g4 Rd5 30. Rbb4 bxa5 31. Rb8 g5 32. Rcc8 f5+ 33. Kf3 fxg4+
34. Kxg4 Rf5 35. Rg8 Rxf2 36. Kxg5 Rxh2 37. Rge8+ Kd6 38. Rbc8 Rg7+ 0-1

[Event "XXXVII Olimpiadi femminile"]
[Site "Torino ITA"]
[Date "2006.05.27"]
[Round "6.2"]
[White "Marrero Lopez, Yaniet"]
[Black "Zimina, Olga"]
[Result "0-1"]
[WhiteElo "2269"]
[BlackElo "2404"]
[Annotator "ITA1-CUB"]
[PlyCount "70"]
[EventDate "2006.05.21"]

1. e4 c6 2. d4 d5 3. e5 Bf5 4. c4 e6 5. Nc3 dxc4 6. Bxc4 Nd7 7. Nge2 Nb6 8. Bb3
Ne7 9. O-O Bg6 10. Nf4 Qd7 11. h4 h6 12. Nxg6 Nxg6 13. Qg4 Ne7 14. Rd1 Nf5 15.
Bf4 h5 16. Qh3 Be7 17. Bg5 O-O-O 18. Ne4 Bxg5 19. hxg5 Kb8 20. g6 Nd5 21. Bxd5
cxd5 22. Nc5 Qe7 23. gxf7 h4 24. Rd3 Ka8 25. Qg4 Qxf7 26. a4 Rdf8 27. Rf3 h3
28. Rxh3 Rxh3 29. gxh3 g5 30. Nb3 Nh6 31. Qg3 g4 32. h4 Nf5 33. Qf4 Qh7 34. Qg5
Nxh4 35. Nd2 Nf3+ 0-1